Statistiques concernant Villes de France les plus froides

Cliquez ici pour prendre le quiz!

Statistiques générales

  • Ce quiz a été pris 145 fois
  • Le résultat moyen est 9 sur 15

Statistiques - réponses

Température moyenne annuelle (en degrés)Ville% Correct
10,8Lille
90%
11,0Strasbourg
87%
9,9Metz
73%
10,5Nancy
71%
11,3Grenoble
65%
10,4Amiens
60%
10,0Annecy
59%
10,5Dijon
59%
10,2Reims
58%
10,5Rouen
55%
10,2Besançon
54%
10,5Caen
51%
10,4Troyes
42%
10,2Beauvais
29%
11,1Le Mans
21%

Distribution des résultats

Percentile par nombre de réponses

% des personnes avec chaque résultat

Votre développement - résultats

Vous n’avez pas pris ce quiz